• 首页
  • 本馆介绍
  • 公告通知
  • 最新文献
  • 馆藏检索
  • 电子资源
  • 读者导购
  • 参考咨询
  • 我的图书馆
  • 登录
  • 详细信息显示
  • 放入我的书架
  • 预约/预借图书
  • 作者相关作品
  • 分类相关作品
  • 丛书相关作品
  • 出版社相关作品

书目信息

  • 表格格式
  • 工作单格式
  • 卡片格式
题名:
SolidEdge机械设计实例教程
    
 
作者: 曹岩 主编
分册:  
出版信息: 西安   西北工业大学出版社  2010
页数: 371页
开本: 26cm
丛书名: 高等学校规划教材
单 册:
中图分类: TH122
科图分类:
主题词: 三维--机械设计
电子资源:
ISBN: 978-7-5612-2985-9
000 00630nam0 2200229 450
001 3450
005 20160926084226.54
010    @a978-7-5612-2985-9@b平装@dCNY43.00
100    @a20120216d2006 em y0chiy50 ea
101 0  @achi
102    @aCN@b610000
105    @ay z 000yy
200 1  @aSolidEdge机械设计实例教程@f曹岩,万宏强主编
210    @a西安@c西北工业大学出版社@d2010
215    @a371页@c图@d26cm
225 2  @a高等学校规划教材
461  0 @12001 @a高等学校规划教材
606 0  @a三维@x机械设计
690    @aTH122@v5
701  0 @a曹岩@4主编
801  0 @aCN@b唐山师范学院图书馆@c20151001
905    @aZUCC@dTH122@e104
    
    SolidEdge机械设计实例教程/曹岩,万宏强主编.-西安:西北工业大学出版社,2010
    371页:图;26cm.-(高等学校规划教材)
    
    
    ISBN 978-7-5612-2985-9(平装):CNY43.00
    
●
相关链接 在E读中查询图书 在五车中查询图书 在当当中查询图书 在豆瓣中查询图书


正题名:SolidEdge机械设计实例教程     索取号:TH122/104         预约/预借

序号 登录号 条形码 馆藏地/架位号 状态 备注
1 905085   209050854   第二样本阅览室/ [索取号:TH122/104] 在馆    
2 905086   209050863   第三借阅区/ [索取号:TH122/104] 在馆    
3 905087   209050872   第三借阅区/ [索取号:TH122/104] 在馆    
唐山师范学院图书馆 欢迎您!
大连网信软件有限公司© 版权所有